The memoris of Sir Anthony Eden / (Record no. 187061)
[ view plain ]
| 000 -LEADER | |
|---|---|
| fixed length control field | 00540 a2200181 4500 |
| 003 - CONTROL NUMBER IDENTIFIER | |
| control field | Nust |
| 005 - DATE AND TIME OF LATEST TRANSACTION | |
| control field | 20230130115549.0 |
| 040 ## - CATALOGING SOURCE | |
| Transcribing agency | Nust |
| 082 ## - DEWEY DECIMAL CLASSIFICATION NUMBER | |
| Classification number | 920,EDE |
| 100 ## - MAIN ENTRY--PERSONAL NAME | |
| Personal name | Circle, Full, |
| 9 (RLIN) | 108025 |
| 245 ## - TITLE STATEMENT | |
| Title | The memoris of Sir Anthony Eden / |
| Statement of responsibility, etc. | Full Circle |
| 260 ## - PUBLICATION, DISTRIBUTION, ETC. | |
| Place of publication, distribution, etc. | London |
| Name of publisher, distributor, etc. | Cassell & Company Ltd |
| Date of publication, distribution, etc. | 1960 |
| 300 ## - PHYSICAL DESCRIPTION | |
| Extent | 619 p |
| Other physical details | illus |
| Dimensions | 24 cm |
| 505 ## - FORMATTED CONTENTS NOTE | |
| Formatted contents note | Foreign Secretary (Page-3), Prime Minister (Page-265), Suez (Page-419). |
| 600 ## - SUBJECT ADDED ENTRY--PERSONAL NAME | |
| Personal name | Circle, Full, |
| 9 (RLIN) | 108025 |
| 650 ## - SUBJECT ADDED ENTRY--TOPICAL TERM | |
| Topical term or geographic name entry element | Biography -Sir Anthony Eden |
| 9 (RLIN) | 108026 |
| 942 ## - ADDED ENTRY ELEMENTS (KOHA) | |
| Source of classification or shelving scheme | |
| Koha item type | Book |
| Withdrawn status | Lost status | Source of classification or shelving scheme | Damaged status | Not for loan | Permanent Location | Current Location | Shelving location | Date acquired | Full call number | Barcode | Date last seen | Price effective from | Koha item type | Public note |
|---|---|---|---|---|---|---|---|---|---|---|---|---|---|---|
| Military College of Signals (MCS) | Military College of Signals (MCS) | General Stacks | 12/12/2016 | 920,EDE | MCS29262 | 12/08/2016 | 12/12/2016 | Book | Almirah No.59, Shelf No.3 |
